000 00521nam a2200169Ia 4500
999 _c20918
_d20918
003 OSt
005 20200623104943.0
008 190216s9999||||xx |||||||||||||| ||und||
040 _coclc
082 _a954.04
_bCHA/I
100 1 _aChandra, Bipan
_9137
245 0 _aIndia After Independence 1947-2000 /
_cBipan Chandra ; Mridula Mukerjee ; Aditya Mukerjee
260 _bPenguin Books,
_c2003.
_aNew Delhi:
300 _a549p
650 _aHistory
942 _cBK
_2ddc
_h954.04
_iCHA/I
_k954.04
_mCHA/I